| 000 | 00443nam a2200145 a 4500 | ||
|---|---|---|---|
| 005 | 20140414131908.0 | ||
| 008 | 140122s19uu xx 00 eng d | ||
| 020 | _a9780857801289 | ||
| 050 |
_aER _bEnc56 2010 |
||
| 245 |
_aEnchanted stories: _bElves(The); Shoemaker(The) and Red Rose &Thumbelina. |
||
| 260 |
_aPhilippines : _bWS Pacific Publications, Inc, _cc2010. |
||
| 300 | _a22 | ||
| 650 |
_aStories- _xfairytale-fiction |
||
| 999 |
_c111079 _d111079 |
||